00302nam a2200121Ia 4500003000400000005001700004008004100021020001500062040002100077100002400098245003400122260002400156OSt20240112170222.0170524s9999 xx 000 0 und d a8173914265 cIIMT UNIVERSITY  aPANT- NAVIN CHANDRA 0aSAMACHAR LEKHAN AVEM SAMPADAN bNEW DELHI: KANISHKA